[Event "EU-ch Online 2300+ Final"]
[Site "Chess.com INT"]
[Date "2020.05.30"]
[Round "6"]
[White "Eliseev, Evgeniy1111"]
[Black "Sunjaikin, Boris"]
[Result "1-0"]
[WhiteElo "2407"]
[BlackElo "2316"]
[PlyCount "67"]
[EventDate "2020.05.30"]
[EventType "swiss"]
[EventRounds "8"]
[EventCountry "NET"]
[SourceTitle "CBM 196 Extra"]
[Source "ChessBase"]
[SourceDate "2020.07.31"]
[SourceVersion "1"]
[SourceVersionDate "2020.07.31"]
[SourceQuality "1"]

1. d4 Nf6 2. Nf3 g6 3. g3 Bg7 4. Bg2 0-0 5. 0-0 d5 6. c3 c6 7. a4 Bf5 8. a5 Bxb1 9. Rxb1 Qxa5 10. Bf4 Nbd7 11. Qb3 Qb6 12. Qa3 Rfe8 13. Ne5 Nxe5 14. dxe5 Nd7 15. Be3 Qc7 16. f4 e6 17. b4 f6 18. exf6 Nxf6 19. h3 e5 20. Qa2 Nh5 21. f5 a6 22. Qc2 e4 23. g4 Ng3 24. f6 Nxf1 25. Rxf1 Rf8 26. fxg7 Rxf1+ 27. Kxf1 Qg3 28. Qd2 Kxg7 29. Bh6+ Kf7 30. Qd4 Ke6 31. c4 Rd8 32. e3 Qd6 33. Bf4 Qxb4 34. cxd5+ 1-0

[Event "EU-ch Online 2300+ Qual"]
[Site "Chess.com INT"]
[Date "2020.05.29"]
[Round "7"]
[White "Rychkov, Oleg"]
[Black "Sunjaikin, Boris"]
[Result "0-1"]
[WhiteElo "2407"]
[BlackElo "2316"]
[PlyCount "152"]
[EventDate "2020.05.29"]
[EventType "swiss"]
[EventRounds "8"]
[EventCountry "NET"]
[SourceTitle "CBM 196 Extra"]
[Source "ChessBase"]
[SourceDate "2020.07.31"]
[SourceVersion "1"]
[SourceVersionDate "2020.07.31"]
[SourceQuality "1"]

1. e4 c5 2. Nf3 e6 3. d4 cxd4 4. Nxd4 a6 5. Bd3 Nf6 6. 0-0 d6 7. Nd2 g6 8. f4 Bg7 9. N2f3 0-0 10. Kh1 b6 11. c4 Bb7 12. Qe2 e5 13. Nb3 exf4 14. Bxf4 Re8 15. Nbd2 Nbd7 16. Bxd6 Nc5 17. e5 Ng4 18. Bxc5 bxc5 19. Be4 Bxe4 20. Nxe4 Nxe5 21. Rad1 Qe7 22. Nd6 Rf8 23. Rd5 Nc6 24. Qxe7 Nxe7 25. Rd2 Nc6 26. Ne4 Bd4 27. Nxd4 cxd4 28. Ng5 Rae8 29. Kg1 Re3 30. Rf6 Ne5 31. Rxd4 Re1+ 32. Rf1 Re2 33. Re4 Rxe4 34. Nxe4 Nxc4 35. b3 Ne5 36. Rf6 Ra8 37. Rb6 a5 38. Rb5 Nc6 39. Nc5 Rd8 40. Rb6 Nb4 41. a3 Nc2 42. a4 Rd2 43. Ne4 Re2 44. Nc3 Re3 45. Nd5 Rd3 46. Rb5 Kg7 47. Kf2 Nd4 48. Rxa5 Nxb3 49. Rb5 Nd4 50. Rb7 Nf5 51. Nc7 Ra3 52. Ra7 Ra2+ 53. Kf3 Nh4+ 54. Kg3 Nf5+ 55. Kf4 Rxg2 56. a5 Rxh2 57. a6 Ra2 58. Rb7 Nd6 59. Rb6 Nc8 60. Rb8 Ne7 61. Rb7 Nc6 62. Ke4 h5 63. Kd5 Nd8 64. Rb8 Ne6 65. Ne8+ Kh6 66. Rb6 h4 67. Ke5 h3 68. Rb3 Ra5+ 69. Kf6 Ng5 70. Rb4 Rxa6+ 71. Ke7 Re6+ 72. Kf8 Re4 73. Rb5 h2 74. Nf6 h1Q 75. Ng8+ Kh5 76. Nf6+ Kh4 0-1

[Event "EU-ch Online 2300+ Qual"]
[Site "Chess.com INT"]
[Date "2020.05.29"]
[Round "6"]
[White "Sunjaikin, Boris"]
[Black "Golubka, Petr"]
[Result "1-0"]
[WhiteElo "2316"]
[BlackElo "2495"]
[PlyCount "107"]
[EventDate "2020.05.29"]
[EventType "swiss"]
[EventRounds "8"]
[EventCountry "NET"]
[SourceTitle "CBM 196 Extra"]
[Source "ChessBase"]
[SourceDate "2020.07.31"]
[SourceVersion "1"]
[SourceVersionDate "2020.07.31"]
[SourceQuality "1"]

1. e4 c5 2. Nf3 d6 3. d4 cxd4 4. Qxd4 Nc6 5. Bb5 Bd7 6. Bxc6 Bxc6 7. Nc3 Nf6 8. Bg5 e6 9. 0-0-0 Be7 10. Rhe1 0-0 11. Bxf6 Bxf6 12. Qxd6 Bxc3 13. bxc3 Qb6 14. Nd4 Rac8 15. Re3 Qa5 16. Rg3 Bxe4 17. Nxe6 Qxa2 18. Nd4 Bg6 19. Qb4 Qa6 20. Kb2 Qf6 21. Rf3 Qe5 22. h3 a5 23. Qb3 Rc5 24. Qb6 a4 25. Re3 Qd5 26. g4 Ra8 27. Ka3 f6 28. Qe6+ Bf7 29. Qxd5 Rxd5 30. Re7 Rc5 31. Rd3 b5 32. Rb7 Bc4 33. Re3 Re5 34. Nf5 Rxe3 35. Rxg7+ Kh8 36. fxe3 Rd8 37. Re7 h5 38. Nd4 hxg4 39. hxg4 Rd5 40. Kb4 Rg5 41. Re4 Kg7 42. Nf5+ Kf8 43. Rf4 Be2 44. Nd4 Bxg4 45. Nxb5 Bd7 46. c4 Ke7 47. Nc3 f5 48. Nxa4 Rg3 49. Nc3 Ke6 50. Nd5 Ke5 51. Rh4 Be6 52. Kc5 Rg2 53. c3 Rg4 54. Rh8 1-0

[Event "EU-ch Online 2300+ Qual"]
[Site "Chess.com INT"]
[Date "2020.05.29"]
[Round "5"]
[White "Sunjaikin, Boris"]
[Black "Terbe, Julianna"]
[Result "1-0"]
[WhiteElo "2316"]
[BlackElo "2273"]
[PlyCount "71"]
[EventDate "2020.05.29"]
[EventType "swiss"]
[EventRounds "8"]
[EventCountry "NET"]
[SourceTitle "CBM 196 Extra"]
[Source "ChessBase"]
[SourceDate "2020.07.31"]
[SourceVersion "1"]
[SourceVersionDate "2020.07.31"]
[SourceQuality "1"]

1. e4 e5 2. Nf3 Nc6 3. Bb5 a6 4. Ba4 Nf6 5. 0-0 Be7 6. Re1 b5 7. Bb3 d6 8. c3 0-0 9. h3 Na5 10. Bc2 c5 11. d4 Qc7 12. Nbd2 Rd8 13. b3 cxd4 14. cxd4 exd4 15. Bb2 Bb7 16. Nxd4 Bf8 17. Nf5 Nd7 18. Nh6+ Kh8 19. Nxf7+ Kg8 20. Nxd8 Rxd8 21. Rc1 Qb6 22. Nf3 Ne5 23. Nd4 Be7 24. Nf5 Bf6 25. Bb1 Nf3+ 26. Qxf3 Bxb2 27. Rcd1 Bf6 28. Nh6+ Kf8 29. Ng4 Kf7 30. Nxf6 gxf6 31. Qh5+ Kg7 32. Re3 Qc7 33. Rg3+ Kh8 34. Qh6 Qe7 35. e5 fxe5 36. Bxh7 1-0

[Event "RUS-ch U26"]
[Site "Ufa"]
[Date "2004.05.10"]
[Round "6"]
[White "Sunjaikin, Boris"]
[Black "Sultangareev, Marat"]
[Result "1/2-1/2"]
[WhiteElo "2272"]
[BlackElo "2365"]
[PlyCount "76"]
[EventDate "2004.05.??"]
[EventType "swiss"]
[EventRounds "9"]
[EventCountry "RUS"]
[SourceTitle "EXT 2005"]
[Source "ChessBase"]
[SourceDate "2004.11.15"]
[SourceVersion "1"]
[SourceVersionDate "2004.11.15"]
[SourceQuality "1"]

1. e4 e6 2. d4 d5 3. Nd2 Nf6 4. e5 Nfd7 5. f4 c5 6. c3 Qb6 7. Ndf3 Nc6 8. a3 a5 9. h4 a4 10. h5 Qa5 11. Kf2 Nb6 12. Bd3 Bd7 13. Ne2 Be7 14. Rh3 Nc4 15. Rg3 g6 16. Rh3 0-0-0 17. Rb1 Qa6 18. Qh1 Rhf8 19. Be3 N6a5 20. dxc5 Nb3 21. Bxc4 Qxc4 22. Qd1 Nxc5 23. Bxc5 Qxc5+ 24. Ned4 f6 25. hxg6 hxg6 26. Rh7 Rde8 27. Kg1 fxe5 28. Nxe5 Rxf4 29. Nxd7 Kxd7 30. Qxa4+ Qc6 31. Qb4 Qa6 32. Re1 Rf6 33. Nf3 Kd8 34. Qd4 Qd6 35. b4 Rxf3 36. gxf3 Qg3+ 37. Kf1 Qxf3+ 38. Kg1 Qg3+ 1/2-1/2

[Event "RUS-ch U26"]
[Site "Ufa"]
[Date "2004.05.07"]
[Round "3"]
[White "Kokarev, Dmitry"]
[Black "Sunjaikin, Boris"]
[Result "1/2-1/2"]
[WhiteElo "2491"]
[BlackElo "2272"]
[PlyCount "83"]
[EventDate "2004.05.??"]
[EventType "swiss"]
[EventRounds "9"]
[EventCountry "RUS"]
[SourceTitle "EXT 2005"]
[Source "ChessBase"]
[SourceDate "2004.11.15"]
[SourceVersion "1"]
[SourceVersionDate "2004.11.15"]
[SourceQuality "1"]

1. c4 Nf6 2. Nc3 e5 3. g3 d5 4. cxd5 Nxd5 5. Bg2 Nb6 6. Nf3 Nc6 7. 0-0 Be7 8. d3 0-0 9. Be3 Be6 10. Na4 Nd5 11. Bc5 b6 12. Bxe7 Ndxe7 13. Nc3 f6 14. Qa4 Qd7 15. Rfc1 a5 16. a3 Rfd8 17. Nd2 Rac8 18. Qb5 Nd4 19. Qxd7 Rxd7 20. b4 axb4 21. axb4 Nd5 22. Bxd5 Bxd5 23. Kf1 Bc6 24. Ra7 Ra8 25. Rxa8+ Bxa8 26. b5 Ne6 27. Ra1 Bd5 28. Ra7 Nd4 29. f4 Be6 30. Kf2 exf4 31. gxf4 Kf7 32. Nde4 h6 33. Ng3 g5 34. e3 gxf4 35. exd4 fxg3+ 36. hxg3 Rxd4 37. Rxc7+ Rd7 38. Rc6 Rxd3 39. Ne2 Bg4 40. Nf4 Rf3+ 41. Kg2 h5 42. Rc7+ 1/2-1/2

[Event "RUS-Cup04"]
[Site "Samara"]
[Date "2002.07.28"]
[Round "3"]
[White "Sunjaikin, Boris"]
[Black "Skatchkov, Pavel"]
[Result "0-1"]
[WhiteElo "2219"]
[BlackElo "2485"]
[PlyCount "100"]
[EventDate "2002.07.26"]
[EventType "swiss"]
[EventRounds "9"]
[EventCountry "RUS"]
[SourceTitle "CBM 089 Extra"]
[Source "ChessBase"]
[SourceDate "2002.09.10"]
[SourceVersion "2"]
[SourceVersionDate "2002.09.10"]
[SourceQuality "1"]

1. e4 e5 2. Nf3 Nf6 3. Nxe5 d6 4. Nf3 Nxe4 5. d4 d5 6. Bd3 Bd6 7. 0-0 0-0 8. c4 c6 9. Nc3 Nxc3 10. bxc3 Bg4 11. cxd5 cxd5 12. Rb1 Nd7 13. Rb5 Nb6 14. h3 Bh5 15. c4 Bxf3 16. Qxf3 dxc4 17. Bc2 Qc7 18. a4 a6 19. Rb2 Rab8 20. Bh6 Qc6 21. Qf5 g6 22. Qa5 Nd7 23. Bxf8 Bxf8 24. Rfb1 Ba3 25. Ra2 Bd6 26. Rab2 Ba3 27. Ra2 Bd6 28. Rab2 h6 29. Bd1 Bc7 30. Qb4 b5 31. axb5 axb5 32. Bf3 Qf6 33. Qc3 Qa6 34. Bd5 Qd6 35. Qg3 c3 36. Qxc3 Nb6 37. Bf3 Na4 38. Qc6 Qh2+ 39. Kf1 Nxb2 40. Rxb2 Rb6 41. Qe8+ Kg7 42. Bd5 Rf6 43. Qxb5 Bg3 44. Ke1 Bc7 45. Kf1 Qh1+ 46. Ke2 Qc1 47. Ra2 Bg3 48. Bf3 Re6+ 49. Kd3 Bxf2 50. Re2 Qd1+ 0-1

[Event "RUS-ch U18"]
[Site "Rybinsk"]
[Date "2001.??.??"]
[Round "1"]
[White "Bachin, Vitaly"]
[Black "Sunjaikin, Boris"]
[Result "1-0"]
[WhiteElo "2416"]
[BlackElo "2268"]
[PlyCount "95"]
[EventDate "2001.02.??"]
[EventType "swiss"]
[EventRounds "10"]
[EventCountry "RUS"]
[SourceTitle "EXT 2002"]
[Source "ChessBase"]
[SourceDate "2001.11.25"]
[SourceVersion "1"]
[SourceVersionDate "2001.11.25"]
[SourceQuality "1"]

1. e4 c5 2. Nc3 Nc6 3. g3 g6 4. Bg2 Bg7 5. d3 e6 6. Be3 d6 7. Qd2 Rb8 8. f4 Nge7 9. Nf3 Nd4 10. 0-0 Nec6 11. Qf2 0-0 12. Kh1 b5 13. Nh4 b4 14. Nd1 Qa5 15. f5 Ne5 16. Bxd4 cxd4 17. Qxd4 b3 18. f6 Bh6 19. cxb3 Ba6 20. Nf2 Rfc8 21. Nf3 Rb4 22. Qxd6 Nxf3 23. Bxf3 Rd8 24. Qc6 Rc8 25. Qd7 Be3 26. Ng4 Rd8 27. Qe7 Rb7 28. Qa3 Qxa3 29. bxa3 Bd4 30. Rac1 h5 31. Nf2 Bxf6 32. e5 Bxe5 33. Bxb7 Bxb7+ 34. Kg1 Rd7 35. a4 Bd4 36. Rfd1 Bf3 37. Rc8+ Kg7 38. Rdc1 Be3 39. R1c3 Bd4 40. R3c4 Rd5 41. Rxd4 Rxd4 42. Rc7 a5 43. Rc5 f5 44. Rxa5 g5 45. Rc5 Bd5 46. a5 e5 47. Kf1 f4 48. a6 1-0

[Event "Vitebsky Memorial"]
[Site "Kurgan"]
[Date "2001.??.??"]
[Round "6"]
[White "Obukhov, Alexander"]
[Black "Sunjaikin, Boris"]
[Result "1/2-1/2"]
[WhiteElo "2436"]
[BlackElo "2219"]
[PlyCount "96"]
[EventDate "2001.??.??"]
[EventType "tourn"]
[EventRounds "11"]
[EventCountry "RUS"]
[EventCategory "5"]
[SourceTitle "EXT 2006"]
[Source "ChessBase"]
[SourceDate "2005.11.24"]
[SourceVersion "1"]
[SourceVersionDate "2005.11.24"]
[SourceQuality "1"]

1. e4 c5 2. Nf3 e6 3. d3 Nc6 4. g3 d5 5. Bg2 Be7 6. Qe2 Nf6 7. 0-0 0-0 8. Re1 Nd4 9. Nxd4 cxd4 10. e5 Ne8 11. Qg4 Qb6 12. Nd2 f5 13. exf6 Bxf6 14. Nb3 a5 15. a4 Kh8 16. Bg5 Bxg5 17. Qxg5 Nd6 18. Bh3 Rf6 19. Qe5 h6 20. Qxd4 Qd8 21. f4 b6 22. Qe3 Nf5 23. Qe5 d4 24. Bxf5 Rxf5 25. Qxd4 Qe7 26. Qc4 Qd6 27. Re2 Bd7 28. Qe4 Re8 29. Nd4 Rd5 30. Nf3 Bc6 31. Qe3 Ba8 32. h4 Rf8 33. Ne5 Kh7 34. Nc4 Qd8 35. Qxb6 Qe8 36. Nd6 Qh5 37. Qe3 Rdf5 38. Kh2 Rxf4 39. Ne4 Rf3 40. Qd4 R3f4 41. Rg2 Rg4 42. Rf2 Rxf2+ 43. Qxf2 Bxe4 44. dxe4 Qe5 45. Kh3 Rxe4 46. Rd1 Qxb2 47. Re1 Rxe1 48. Qxe1 Qxc2 1/2-1/2

[Event "RUS-ch U16"]
[Site "Cherepovets"]
[Date "2001.??.??"]
[Round "?"]
[White "Pakhomov, Alexey"]
[Black "Sunjaikin, Boris"]
[Result "1/2-1/2"]
[WhiteElo "2271"]
[BlackElo "2268"]
[PlyCount "104"]
[EventDate "2001.??.??"]
[EventType "swiss"]
[EventRounds "10"]
[EventCountry "RUS"]
[SourceTitle "EXT 2002"]
[Source "ChessBase"]
[SourceDate "2001.11.25"]
[SourceVersion "1"]
[SourceVersionDate "2001.11.25"]
[SourceQuality "1"]

1. e4 c5 2. Nf3 e6 3. d4 cxd4 4. Nxd4 a6 5. c4 Nf6 6. Nc3 Bb4 7. Bd3 Nc6 8. Nxc6 dxc6 9. 0-0 e5 10. Bc2 Be6 11. Qe2 Bc5 12. h3 Nd7 13. Kh1 0-0 14. b3 Bd4 15. Bb2 Qa5 16. Nd1 Bxb2 17. Nxb2 Rfd8 18. Qe1 Qxe1 19. Rfxe1 Nf8 20. Rad1 f6 21. c5 Bf7 22. Rxd8 Rxd8 23. Rd1 Rd4 24. Rxd4 exd4 25. Kg1 Ne6 26. Nd3 Bg6 27. f3 f5 28. exf5 Bxf5 29. b4 Kf8 30. Kf2 a5 31. a3 axb4 32. axb4 Nc7 33. Ne1 Bxc2 34. Nxc2 d3 35. Nd4 Na6 36. Ne6+ Kf7 37. Nf4 Nxb4 38. Ke3 Kf6 39. Nxd3 Nxd3 40. Kxd3 Ke5 41. Kc4 g5 42. g3 h5 43. Kb4 Kd5 44. h4 gxh4 45. gxh4 Kd4 46. f4 Ke4 47. Ka5 Kxf4 48. Kb6 Kg4 49. Kxb7 Kxh4 50. Kxc6 Kg3 51. Kd6 h4 52. c6 h3 1/2-1/2

[Event "RUS-ch U18"]
[Site "Rybinsk"]
[Date "2001.??.??"]
[Round "7"]
[White "Rodchenkov, Vitaly"]
[Black "Sunjaikin, Boris"]
[Result "1/2-1/2"]
[WhiteElo "2206"]
[BlackElo "2268"]
[PlyCount "106"]
[EventDate "2001.02.??"]
[EventType "swiss"]
[EventRounds "10"]
[EventCountry "RUS"]
[SourceTitle "EXT 2002"]
[Source "ChessBase"]
[SourceDate "2001.11.25"]
[SourceVersion "1"]
[SourceVersionDate "2001.11.25"]
[SourceQuality "1"]

1. e4 c5 2. Nf3 Nc6 3. c3 Nf6 4. e5 Nd5 5. d4 cxd4 6. Bc4 Nb6 7. Bb3 d5 8. exd6 Qxd6 9. 0-0 Be6 10. Bxe6 Qxe6 11. Nxd4 Nxd4 12. Qxd4 Rd8 13. Qh4 Qe2 14. Bd2 e6 15. Re1 Qc4 16. Qg3 Nd5 17. Bg5 Bd6 18. Qf3 Rd7 19. Nd2 Qc7 20. g3 0-0 21. Ne4 Be7 22. Rad1 Bxg5 23. Nxg5 Rfd8 24. Ne4 b6 25. Rd3 h6 26. Red1 f5 27. Nd2 Nf6 28. Nb3 Ne4 29. Rxd7 Rxd7 30. Rxd7 Qxd7 31. Nd4 Qd5 32. Qh5 Nf6 33. Qe2 Qxa2 34. Qxe6+ Qxe6 35. Nxe6 Ne4 36. Kf1 Kf7 37. Nd4 Kf6 38. Ke2 a5 39. f3 Nc5 40. Nb5 Na4 41. b4 Nb2 42. f4 g6 43. Kd2 Ke6 44. Kc2 Nc4 45. Kb3 Nd2+ 46. Ka4 axb4 47. Kxb4 Nf1 48. c4 Nxh2 49. Nd4+ Kd7 50. Kb5 Kc7 51. Ne6+ Kb7 52. Nd8+ Kc7 53. Ne6+ Kb7 1/2-1/2

[Event "RUS-ch U18"]
[Site "Rybinsk"]
[Date "2001.??.??"]
[Round "8"]
[White "Sunjaikin, Boris"]
[Black "Katolikov, Oleg"]
[Result "0-1"]
[WhiteElo "2268"]
[BlackElo "2310"]
[PlyCount "54"]
[EventDate "2001.02.??"]
[EventType "swiss"]
[EventRounds "10"]
[EventCountry "RUS"]
[SourceTitle "EXT 2002"]
[Source "ChessBase"]
[SourceDate "2001.11.25"]
[SourceVersion "1"]
[SourceVersionDate "2001.11.25"]
[SourceQuality "1"]

1. e4 e5 2. Nf3 Nc6 3. Bc4 Nf6 4. d3 Be7 5. c3 0-0 6. Bb3 d6 7. h3 h6 8. Nbd2 Nh7 9. Nf1 Kh8 10. g4 Ng5 11. Ng3 g6 12. h4 Nxf3+ 13. Qxf3 Kg7 14. g5 Qe8 15. gxh6+ Kh7 16. Bd2 Nd8 17. 0-0-0 a5 18. Rdg1 b5 19. Nh5 gxh5 20. Rg7+ Kh8 21. Qg2 Bf6 22. Bg5 Qe7 23. Rg1 Bxg5+ 24. Rxg5 Bg4 25. Rxh5 Rg8 26. f3 Ne6 27. Bxe6 Bxh5 0-1

[Event "RUS-ch U18"]
[Site "Rybinsk"]
[Date "2001.??.??"]
[Round "4"]
[White "Sunjaikin, Boris"]
[Black "Maslak, Konstantin"]
[Result "0-1"]
[WhiteElo "2268"]
[BlackElo "2336"]
[PlyCount "69"]
[EventDate "2001.02.??"]
[EventType "swiss"]
[EventRounds "10"]
[EventCountry "RUS"]
[SourceTitle "EXT 2002"]
[Source "ChessBase"]
[SourceDate "2001.11.25"]
[SourceVersion "1"]
[SourceVersionDate "2001.11.25"]
[SourceQuality "1"]

1. e4 d5 2. exd5 Nf6 3. c4 e6 4. dxe6 Bxe6 5. Be2 Nc6 6. Nf3 Bc5 7. 0-0 Qd7 8. b4 Bd4 9. Nc3 0-0-0 10. Qa4 Kb8 11. Bb2 Bxc3 12. Bxc3 Nd4 13. Qd1 Nxf3+ 14. Bxf3 Bxc4 15. Re1 Bd5 16. Bxf6 gxf6 17. Re3 Be6 18. d3 Qd4 19. a3 f5 20. Rc1 Qb2 21. a4 Rd7 22. a5 a6 23. Rb1 Qc3 24. b5 axb5 25. Rxb5 c6 26. Rb1 f4 27. Re4 Rxd3 28. Qe2 Rd2 29. Qe1 Rc2 30. Qd1 Rd2 31. Qf1 Bf5 32. Rc4 Qxa5 33. Ra1 Qb6 34. Qe1 Qb2 35. Rca4 0-1

[Event "RUS-ch U16 sf"]
[Site "Orsk"]
[Date "2000.??.??"]
[Round "?"]
[White "Shestakov, Dmitry"]
[Black "Sunjaikin, Boris"]
[Result "1/2-1/2"]
[WhiteElo "2133"]
[BlackElo "2258"]
[PlyCount "151"]
[EventDate "2000.??.??"]
[EventType "swiss"]
[EventRounds "9"]
[EventCountry "RUS"]
[SourceTitle "EXT 2006"]
[Source "ChessBase"]
[SourceDate "2005.11.24"]
[SourceVersion "1"]
[SourceVersionDate "2005.11.24"]
[SourceQuality "1"]

1. Nf3 Nf6 2. c4 g6 3. b3 Bg7 4. Bb2 0-0 5. g3 c6 6. Bg2 d5 7. d3 Bg4 8. Nbd2 Bxf3 9. Bxf3 Re8 10. cxd5 cxd5 11. 0-0 Nc6 12. d4 Qb6 13. e3 e6 14. Be2 Rac8 15. a3 a5 16. Bd3 Nd7 17. Qe2 f6 18. Bb5 Re7 19. a4 e5 20. Rac1 Rd8 21. dxe5 fxe5 22. Ba3 Rf7 23. Rfd1 e4 24. Nxe4 dxe4 25. Bc4 Nde5 26. Bxf7+ Kxf7 27. Qb5 Rxd1+ 28. Rxd1 Qxb5 29. axb5 Na7 30. Bd6 Nf3+ 31. Kg2 Nxb5 32. Bc7 Bc3 33. Bxa5 Ne1+ 34. Kf1 Nd3 35. Bb6 Bb2 36. f3 Nc3 37. Rd2 Nb1 38. Rd1 Nc3 39. Rd2 Nd5 40. fxe4 Nxb6 41. Rxd3 Ke6 42. Rd8 Nd7 43. Ke2 Be5 44. Rc8 Kd6 45. Kd3 Nc5+ 46. Kc4 Nxe4 47. Kb5 Kd7 48. Rc2 Bc7 49. Rc1 Nf6 50. Rc4 h5 51. Rd4+ Ke7 52. h3 Bxg3 53. Kb6 Nd7+ 54. Kxb7 Nc5+ 55. Kc6 Nxb3 56. Rd3 Na5+ 57. Kd5 Nb7 58. e4 h4 59. e5 Nd8 60. Ra3 Bf2 61. Rf3 Bg3 62. Ra3 Nf7 63. Ra7+ Kf8 64. Ra8+ Ke7 65. Ra7+ Kf8 66. Ra8+ Kg7 67. Ra7 Kf8 68. Ra8+ Ke7 69. Ra7+ Ke8 70. Ra8+ Nd8 71. Ra7 Nf7 72. Ra8+ Nd8 73. Ra7 Bxe5 74. Kxe5 Nc6+ 75. Kf6 Nxa7 76. Kxg6 1/2-1/2